PORTOHOLE : geopolitical, strategic and maritime terms and concepts (Record no. 12036)

000 -LEADER
fixed length control field 00488nam a22001697a 4500
008 - FIXED-LENGTH DATA ELEMENTS--GENERAL INFORMATION
fixed length control field 220228b 2016 ||||| |||| 00| 0 eng d
020 ## - INTERNATIONAL STANDARD BOOK NUMBER
International Standard Book Number 9788182748637
082 ## - DEWEY DECIMAL CLASSIFICATION NUMBER
Classification number 327.103
Item number KHU
100 ## - MAIN ENTRY--PERSONAL NAME
Personal name Khurana, Gurpreet S.
245 ## - TITLE STATEMENT
Title PORTOHOLE : geopolitical, strategic and maritime terms and concepts
260 ## - PUBLICATION, DISTRIBUTION, ETC. (IMPRINT)
Place of publication, distribution, etc New Delhi
Name of publisher, distributor, etc Pentagon press
Date of publication, distribution, etc 2016
300 ## - PHYSICAL DESCRIPTION
Extent xxiii, 220p.
650 ## - SUBJECT ADDED ENTRY--TOPICAL TERM
Topical term or geographic name as entry element Amphibious Operation
650 ## - SUBJECT ADDED ENTRY--TOPICAL TERM
Topical term or geographic name as entry element Boarding operation
650 ## - SUBJECT ADDED ENTRY--TOPICAL TERM
Topical term or geographic name as entry element Land attack
942 ## - ADDED ENTRY ELEMENTS (KOHA)
Item type Books
Holdings
Withdrawn status Lost status Source of classification or shelving scheme Damaged status Not for loan Collection code Permanent location Current location Shelving location Date acquired Full call number Barcode Date last seen Koha item type Public note
          Reference IMU-MPC Library IMU-MPC Library On Display 2022-02-28 327.103 KHU MPC6540 2025-03-17 Books New Arrival shelf
Copyright © 2021 Indian Maritime University, Mumbai Port Campus. All Rights Reserved. Managed & Maintained by Central Library, IMU-Mumbai

webs counters

Powered by Koha